<?xml version="1.0" encoding="UTF-8"?>
<resp>
  <nextPage>https://data.bn.org.pl/api/networks/bibs.marcxml?marc=001+b00000054998188&amp;sinceId=54998189</nextPage>
  <collection>
    <record xmlns='http://www.loc.gov/MARC21/slim'><leader>03578cam a2200745 i 4500</leader><controlfield tag='001'>b00000054998188</controlfield><controlfield tag='005'>20260507104512.1</controlfield><controlfield tag='008'>170403s1774    pl       f   |000 0 pol  </controlfield><controlfield tag='009'>9910346727305606</controlfield><datafield ind1=' ' ind2=' ' tag='026'><subfield code='a'>u-od 9.4.</subfield><subfield code='b'>o.y- ypww (3)</subfield><subfield code='c'>1774 (A)</subfield><subfield code='5'>WA N</subfield></datafield><datafield ind1=' ' ind2=' ' tag='035'><subfield code='a'>991006469529705066</subfield></datafield><datafield ind1=' ' ind2=' ' tag='035'><subfield code='a'>(PL-WaBN)b54998189-48omnis_nlop</subfield></datafield><datafield ind1=' ' ind2=' ' tag='035'><subfield code='a'>b54998189</subfield></datafield><datafield ind1=' ' ind2=' ' tag='035'><subfield code='a'>(PL)b00000054998188</subfield></datafield><datafield ind1=' ' ind2=' ' tag='040'><subfield code='a'>WA N</subfield><subfield code='c'>WA N</subfield><subfield code='d'>WA N</subfield><subfield code='d'>LUBL M</subfield><subfield code='d'>WA N</subfield></datafield><datafield ind1='1' ind2=' ' tag='041'><subfield code='a'>pol</subfield><subfield code='k'>fre</subfield><subfield code='h'>lat</subfield></datafield><datafield ind1=' ' ind2=' ' tag='046'><subfield code='k'>1766</subfield></datafield><datafield ind1='1' ind2=' ' tag='100'><subfield code='a'>Tissot, Samuel Auguste André David</subfield><subfield code='d'>(1728-1797)</subfield><subfield code='e'>Autor</subfield></datafield><datafield ind1='1' ind2='0' tag='240'><subfield code='a'>Sermo inauguralis de valetudine litteratorum</subfield><subfield code='l'>(pol.)</subfield></datafield><datafield ind1='1' ind2='0' tag='245'><subfield code='a'>Rada dla literatow, sedentaryuszow y tych wszystkich, ktorzy przywiązanemi do urzędu swoiego pracami rozumu zdrowie swoie wycieńczaią /</subfield><subfield code='c'>przez P. Tyssot doktora y professora medycyny w Akademii Lauzanskiey wydana, a dla pożytku publicznego z francuzkiego na język oyczysty przełozona przez X. Joachima Karwowskiego S. P.</subfield></datafield><datafield ind1='3' ind2=' ' tag='246'><subfield code='a'>Rada dla literatów, sedentariuszów</subfield></datafield><datafield ind1='3' ind2='6' tag='246'><subfield code='a'>Rada dla literatów i sedentarią bawiących się ludzi względem ich zdrowia</subfield></datafield><datafield ind1='3' ind2='7' tag='246'><subfield code='a'>Rada dla literatów &amp;c. względem ich zdrowia</subfield></datafield><datafield ind1=' ' ind2=' ' tag='260'><subfield code='a'>W Warszawie :</subfield><subfield code='b'>w Drukarni J. K. Mci y Rzeczypospolitey u XX. Scholarum Piarum,</subfield><subfield code='c'>[po 31 III] 1774.</subfield></datafield><datafield ind1=' ' ind2=' ' tag='300'><subfield code='a'>[6] kart, 150 stron, [1] karta ;</subfield><subfield code='c'>8°.</subfield></datafield><datafield ind1=' ' ind2=' ' tag='336'><subfield code='a'>Tekst</subfield><subfield code='b'>txt</subfield><subfield code='2'>rdacontent</subfield></datafield><datafield ind1=' ' ind2=' ' tag='337'><subfield code='a'>Bez urządzenia pośredniczącego</subfield><subfield code='b'>n</subfield><subfield code='2'>rdamedia</subfield></datafield><datafield ind1=' ' ind2=' ' tag='338'><subfield code='a'>Wolumin</subfield><subfield code='b'>nc</subfield><subfield code='2'>rdacarrier</subfield></datafield><datafield ind1=' ' ind2=' ' tag='380'><subfield code='a'>Starodruki</subfield></datafield><datafield ind1=' ' ind2=' ' tag='380'><subfield code='a'>Książki</subfield></datafield><datafield ind1='1' ind2=' ' tag='388'><subfield code='a'>1701-1800</subfield></datafield><datafield ind1=' ' ind2=' ' tag='500'><subfield code='a'>Dedykacja tłumacza: ,,Do Jasnie Wielmoznego JMci Pana Jgnacego Potockiego Pisarza Wielkiego W. X. Litewskiego [...] / Joachim Karwowski [...]&quot;.</subfield></datafield><datafield ind1=' ' ind2=' ' tag='500'><subfield code='a'>Tytuł nagłówkowy 1. strony tekstu głównego: Rada dla literatow y sedentaryą bawiących się ludzi względem ich zdrowia. Tytuł z żywej paginy: Rada dla literatow &amp;c. względem ich zdrowia.</subfield></datafield><datafield ind1=' ' ind2=' ' tag='500'><subfield code='a'>Data dzienna druku według drugiej aprobaty cenzorskiej na karcie K4 recto.</subfield></datafield><datafield ind1='4' ind2=' ' tag='510'><subfield code='a'>Estr. XV-XVIII,</subfield><subfield code='c'>31, 167-168</subfield></datafield><datafield ind1=' ' ind2='7' tag='650'><subfield code='a'>Pisarze</subfield><subfield code='2'>DBN</subfield></datafield><datafield ind1=' ' ind2='7' tag='650'><subfield code='a'>Praca umysłowa</subfield><subfield code='2'>DBN</subfield></datafield><datafield ind1=' ' ind2='7' tag='655'><subfield code='a'>Poradnik</subfield><subfield code='2'>DBN</subfield></datafield><datafield ind1=' ' ind2='7' tag='655'><subfield code='a'>Dedykacje</subfield><subfield code='2'>DBN</subfield></datafield><datafield ind1=' ' ind2=' ' tag='658'><subfield code='a'>Medycyna i zdrowie</subfield></datafield><datafield ind1='1' ind2=' ' tag='700'><subfield code='a'>Karwowski, Joachim</subfield><subfield code='e'>Tłumaczenie</subfield><subfield code='e'>Przedmowa</subfield><subfield code='e'>Autor dedykacji</subfield></datafield><datafield ind1='1' ind2=' ' tag='700'><subfield code='a'>Potocki, Ignacy</subfield><subfield code='d'>(1750-1809)</subfield><subfield code='e'>Adresat dedykacji</subfield></datafield><datafield ind1='2' ind2=' ' tag='710'><subfield code='a'>Drukarnia Pijarów (Warszawa)</subfield><subfield code='e'>Druk</subfield></datafield><datafield ind1=' ' ind2=' ' tag='752'><subfield code='a'>Polska</subfield><subfield code='d'>Warszawa.</subfield></datafield><datafield ind1=' ' ind2=' ' tag='852'><subfield code='8'>2251439190005069</subfield><subfield code='j'>1</subfield><subfield code='h'>P-18-o-611</subfield><subfield code='b'>LUBL_M</subfield><subfield code='p'>3000001765</subfield><subfield code='c'>40002</subfield><subfield code='z'>Stary Łopaciński nr 3878</subfield></datafield><datafield ind1=' ' ind2=' ' tag='852'><subfield code='8'>22464464790005066</subfield><subfield code='j'>1</subfield><subfield code='h'>SD W.1.717</subfield><subfield code='b'>BN_PL</subfield><subfield code='p'>777i53112015</subfield><subfield code='c'>salaW</subfield></datafield><datafield ind1=' ' ind2=' ' tag='852'><subfield code='b'>48OMNIS_MPL</subfield><subfield code='8'>991002557097605069</subfield></datafield><datafield ind1=' ' ind2=' ' tag='852'><subfield code='8'>22464464770005066</subfield><subfield code='j'>1</subfield><subfield code='h'>SD XVIII.1.517</subfield><subfield code='b'>BN_PL</subfield><subfield code='p'>777i53246548</subfield><subfield code='c'>bstdr</subfield></datafield><datafield ind1=' ' ind2=' ' tag='852'><subfield code='b'>48OMNIS_NLOP</subfield><subfield code='8'>991006469529705066</subfield></datafield><datafield ind1=' ' ind2=' ' tag='852'><subfield code='b'>48OMNIS_NETWORK</subfield><subfield code='8'>9910346727305606</subfield></datafield><datafield ind1=' ' ind2=' ' tag='950'><subfield code='u'>https://eu05.alma.exlibrisgroup.com/view/uresolver/48OMNIS_NETWORK/openurl?u.ignore_date_coverage=true&amp;portfolio_pid=53705402360005066&amp;Force_direct=true</subfield><subfield code='z'>Zobacz w Polonie: egzemplarz SD XVIII.1.517</subfield><subfield code='8'>53705402360005066</subfield></datafield></record>
  </collection>
</resp>
